Loading...

Adivasi jeevitham oru samskarika patanam/

Bibliographic Details
Main Author: Dirar V H
Format: Printed Book
Published: Thrissur: Green books, 2016.
Subjects:
LEADER 00795nam a22001937a 4500
020 |a 9789386120731 
082 |a M 305.568  |b DIR/A 
100 |a Dirar V H  |9 147599 
245 |a Adivasi jeevitham oru samskarika patanam/  |b    |c by V H Dirar. 
260 |a Thrissur:  |b Green books,  |c 2016. 
300 |a 112p. 
650 |a Adivasi  |9 147600 
650 |a Tribal Studies  |9 147601 
650 |a Dalit Literature  |9 147602 
650 |a Social Sciences  |9 147603 
942 |c BK 
999 |c 64694  |d 64694 
952 |0 0  |1 0  |4 0  |6 M_305_568000000000000_DIR_A  |7 0  |9 86245  |a SSUS  |b SSUS  |c STACKS  |d 2017-03-30  |g 110.00  |l 4  |o M 305.568 DIR/A  |p 084059  |r 2019-08-06  |s 2019-06-18  |w 2017-03-30  |y BK 
952 |0 0  |1 0  |4 0  |6 M_305_568000000000000_DIR_A  |7 0  |9 86246  |a SSUS  |b SSUS  |c STACKS  |d 2019-04-05  |g 110.00  |o M 305.568 DIR/A  |p 094322  |r 2019-04-05  |w 2019-04-05  |y BK